Find the 'C' Countries Quiz Stats

Quiz Updated Apr 18, 2017

Challenge
Share
Tweet
Score 0/16 Timer 05:00
34 Plays Today
% Correct
Canada
93.5%
China
89.5%
Chile
80.7%
Colombia
79.4%
Chad
72.9%
Cuba
70.6%
Croatia
69.8%
Cambodia
68.9%
% Correct
Costa Rica
60.7%
Czechia
60.3%
CAR
59%
Comoros
58.5%
Cameroon
56.4%
Cabo Verde
53.7%
Cyprus
47.9%
Côte d'Ivoire
46.1%

You're not logged in!

Compare scores with friends on all Sporcle quizzes.
Sign Up with Email
OR
Log In

You Might Also Like...

Show Comments

Extras

Top Quizzes Today


Score Distribution

Your Account Isn't Verified!

In order to create a playlist on Sporcle, you need to verify the email address you used during registration. Go to your Sporcle Settings to finish the process.